00362nam a22001337a 450000500170000000800410001704100120005808200130007010000130008324500310009626000470012730000290017465000250020320240801090318.0240801b |||||||| |||| 00| 0 eng d aEnglish a349 SOU  lEnglish  aSouth African Law Reports  aCape Town: bJuta and Company Ltd, c1915  bxx, 470 pages; c25 cm.  aLegal practice bLaw